[Event "45th Capablanca Mem Open"]
[Site "Havana CUB"]
[Date "2010.06.17"]
[Round "7"]
[White "Ordunez Echarte,D"]
[Black "Lebredo Zaragoitia,G"]
[Result "1-0"]
[WhiteElo "2322"]
[BlackElo "2262"]
[EventDate "2010.06.10"]

1. e4 e6 2. Qe2 c5 3. Nf3 Nc6 4. g3 g6 5. Bg2 Bg7 6. O-O Nge7 7. c3 O-O 8.
Na3 b6 9. d3 Ba6 10. e5 d6 11. exd6 Qxd6 12. Nc4 Bxc4 13. dxc4 Rad8 14. Bf4
Qd3 15. Rfe1 Qxe2 16. Rxe2 Na5 17. Nd2 Rd7 18. Rc1 Nac6 19. Nf3 Rfd8 20. a3
Rd1+ 21. Re1 Rxc1 22. Bxc1 h6 23. h4 Nf5 24. Bf1 Na5 25. Nd2 Nc6 26. Ne4 a5
27. Be2 Kf8 28. Bf4 Be5 29. Bxe5 Nxe5 30. f4 Nc6 31. Bf3 Ke7 32. Kf2 Nb8
33. h5 Nd6 34. Nxd6 Rxd6 35. hxg6 fxg6 36. Ke3 Nd7 37. g4 Kf6 38. Be4 Kg7
39. b4 axb4 40. axb4 e5 41. f5 Nf6 42. fxg6 cxb4 43. cxb4 1-0

[Event "45th Capablanca Mem Open"]
[Site "Havana CUB"]
[Date "2010.06.17"]
[Round "7"]
[White "Perez Perez,O"]
[Black "Pulvett,D"]
[Result "1/2-1/2"]
[WhiteElo "2318"]
[BlackElo "2243"]
[EventDate "2010.06.10"]

1. e4 c5 2. Nf3 d6 3. d4 cxd4 4. Nxd4 Nf6 5. Nc3 a6 6. f4 Qc7 7. Be2 e5 8.
Nb3 b6 9. O-O Bb7 10. Qd3 Nbd7 11. Kh1 Be7 12. Be3 O-O 13. Rad1 Rac8 14. f5
b5 15. a3 Rfd8 16. Bf3 Nc5 17. Nxc5 dxc5 18. Nd5 Bxd5 19. exd5 c4 20. Qe2
e4 21. Bg4 c3 22. b3 Qb7 23. Bg5 Rxd5 24. Bxf6 Bxf6 25. Rxd5 Qxd5 26. Rd1
Qe5 27. Qe3 h5 28. Bxh5 Qxf5 29. Qe2 Rd8 30. Bg4 Rxd1+ 31. Qxd1 Qf2 32. Qe2
Qf4 33. g3 Qc1+ 34. Kg2 e3 35. Bf5 g6 36. Bd3 Bd4 37. a4 bxa4 38. bxa4 a5
39. Bc4 Qd2 40. Kh3 Kg7 41. Kg2 f5 42. h4 Be5 43. Bd3 Kf6 44. Kh3 Kg7 45.
Kg2 Kh6 46. Kh3 Bc7 47. Kg2 Bd6 48. Kh3 Be5 49. Kg2 Qc1 50. h5 gxh5 51.
Bxf5 Qd2 52. Bd3 Kg5 53. Kh3 Qxe2 54. Bxe2 h4 55. gxh4+ Kf4 56. Kg2 Bf6 57.
h5 Bg5 58. Bd3 Ke5 59. Kf3 Kd6 60. Kg4 Bh6 61. Kf3 Kc5 62. Ke2 1/2-1/2

[Event "45th Capablanca Mem Open"]
[Site "Havana CUB"]
[Date "2010.06.17"]
[Round "7"]
[White "Fleites Marti,Y"]
[Black "Mendez Fortes,E"]
[Result "1/2-1/2"]
[WhiteElo "2168"]
[BlackElo "2310"]
[EventDate "2010.06.10"]

1. e4 c5 2. Nf3 d6 3. d4 cxd4 4. Qxd4 a6 5. Be2 Nc6 6. Qe3 Nf6 7. h3 e5 8.
c4 Be7 9. O-O O-O 10. Nc3 Be6 11. Rd1 Nb4 12. Rb1 Qc7 13. a3 Nc6 14. b4
Rac8 15. Bb2 h6 16. Rbc1 Qb8 17. Nd5 Bd8 18. Nc3 Be7 1/2-1/2

[Event "45th Capablanca Mem Open"]
[Site "Havana CUB"]
[Date "2010.06.17"]
[Round "7"]
[White "Quesada Vera,L"]
[Black "Osorio,F"]
[Result "1-0"]
[WhiteElo "2308"]
[BlackElo "2232"]
[EventDate "2010.06.10"]

1. e4 d5 2. exd5 Nf6 3. Nc3 Nxd5 4. Bc4 Nb6 5. Bb3 Nc6 6. Nf3 Bf5 7. d4 e6
8. Be3 Bd6 9. Qe2 O-O 10. O-O-O Na5 11. Ne5 Nxb3+ 12. axb3 Nd5 13. g4 Nxc3
14. bxc3 Be4 15. f3 Bc6 16. Nxc6 bxc6 17. Qa6 Qf6 18. Qxc6 a5 19. h4 a4 20.
Bg5 Bf4+ 21. Kb2 Bxg5 22. hxg5 Qxg5 23. Rh5 Qe3 24. Qe4 Qxe4 25. fxe4 axb3
26. cxb3 Ra7 27. Rdh1 h6 28. g5 Rfa8 29. c4 Ra2+ 30. Kc3 Rg2 31. gxh6 Rg3+
32. Kb4 gxh6 33. Rxh6 Rb8+ 34. Kc5 Rbxb3 35. e5 Ra3 36. Rh8+ Kg7 37. Rc8
Ra5+ 38. Kc6 Rc3 39. c5 Ra4 40. Rg1+ Kh7 41. Rg4 Rcc4 42. Rxc7 Ra6+ 43. Kd7
Rc3 44. Ke8 1-0

[Event "45th Capablanca Mem Open"]
[Site "Havana CUB"]
[Date "2010.06.17"]
[Round "7"]
[White "Vigoa Apecheche,Yan"]
[Black "Garcia Fuentes,S"]
[Result "1/2-1/2"]
[WhiteElo "2302"]
[BlackElo "2169"]
[EventDate "2010.06.10"]

1. e4 c5 2. Nf3 e6 3. c3 Nf6 4. e5 Nd5 5. d4 cxd4 6. cxd4 d6 7. Nc3 Nc6 8.
Bb5 Nxc3 9. bxc3 Be7 10. O-O O-O 11. exd6 Qxd6 12. a4 Bd7 13. Re1 Qc7 14.
Bd3 Rac8 15. Bd2 Rfd8 16. Qe2 g6 17. h4 Na5 18. h5 Nb3 19. hxg6 hxg6 20.
Ne5 Nxd2 21. Qxd2 Qxc3 22. Qf4 Be8 23. Rac1 Qb4 24. Bb5 Rxc1 25. Rxc1 Rxd4
26. Qf3 Rf4 27. Qxb7 Bxb5 28. axb5 Qd2 29. Nd3 Kg7 30. Qxe7 Qxd3 31. Qxa7
Qxb5 1/2-1/2

[Event "45th Capablanca Mem Open"]
[Site "Havana CUB"]
[Date "2010.06.17"]
[Round "7"]
[White "Llorente,J"]
[Black "Zepeda,L"]
[Result "1-0"]
[WhiteElo "2295"]
[BlackElo "2152"]
[EventDate "2010.06.10"]

1. d4 Nf6 2. Nf3 d6 3. c4 g6 4. Nc3 Bg7 5. e4 O-O 6. Be2 e5 7. O-O Nc6 8.
d5 Ne7 9. Ne1 Ne8 10. f3 f5 11. g4 f4 12. Nd3 g5 13. Bd2 h5 14. h3 Ng6 15.
c5 Rf7 16. b4 Bf8 17. Rf2 hxg4 18. hxg4 Rh7 19. Rh2 Nh4 20. Be1 Qf6 21.
Bxh4 gxh4 22. c6 b6 23. Nf2 a5 24. a3 Ba6 25. Bxa6 Rxa6 26. Qf1 Ra8 27. Nh3
Qg6 28. Rb2 Nf6 29. Kh1 Be7 30. bxa5 Rxa5 31. Rb5 Rxb5 32. Nxb5 Bd8 33. Nc3
Rf7 34. Qa6 Rf8 35. Qc8 Nh7 36. Kh2 Qf6 37. a4 Qe7 38. a5 bxa5 39. Rxa5 Kg7
40. Ra7 Rf7 41. Nb5 Nf8 42. Ra8 1-0

[Event "45th Capablanca Mem Open"]
[Site "Havana CUB"]
[Date "2010.06.17"]
[Round "7"]
[White "Moncayo Romero,E"]
[Black "Romero Nunez,Wendy"]
[Result "0-1"]
[WhiteElo "2122"]
[BlackElo "2125"]
[EventDate "2010.06.10"]

1. e4 c5 2. Nf3 e6 3. d4 cxd4 4. Nxd4 a6 5. c4 Nf6 6. Nc3 Qc7 7. f3 b6 8.
Be3 Bb7 9. Rc1 d6 10. Be2 Nbd7 11. O-O Rc8 12. b4 Be7 13. a4 O-O 14. Nb3
Qb8 15. a5 d5 16. exd5 exd5 17. Nxd5 Nxd5 18. cxd5 Bxb4 19. axb6 Rxc1 20.
Nxc1 Qd6 21. Nd3 Ba5 22. Kh1 Bxb6 23. Bxb6 Nxb6 24. Qb1 Bxd5 25. Nb4 Bc4
26. Rd1 Qe6 27. Bxc4 Nxc4 28. Qa2 a5 29. Nc2 h6 30. h3 Rc8 31. Re1 Qd6 32.
Qa4 Qc6 33. Qa2 Nd2 34. Nd4 Qc3 35. Nf5 Nxf3 36. Rf1 Qe5 37. g4 Ng5 38. h4
Qe4+ 39. Qg2 Qxg2+ 40. Kxg2 Rc2+ 41. Kg3 Ne4+ 42. Kf4 Rf2+ 43. Rxf2 Nxf2
44. Nd6 Kf8 45. Nc4 a4 46. Kf3 Nd1 47. Ke2 Nc3+ 48. Kd3 Nb5 49. Ne3 a3 50.
Kc2 Ke7 51. Kb3 Kf6 52. Nc2 Ke5 53. Kc4 Nd6+ 54. Kb3 Kf4 55. Kxa3 Kxg4 56.
Kb4 Kxh4 57. Kc5 Nf5 58. Kd5 Kg4 0-1

[Event "45th Capablanca Mem Open"]
[Site "Havana CUB"]
[Date "2010.06.17"]
[Round "7"]
[White "Espinosa Garcia,S"]
[Black "Gonzalez Vega,A"]
[Result "1/2-1/2"]
[WhiteElo "2134"]
[BlackElo "2291"]
[EventDate "2010.06.10"]

1. d4 d5 2. c4 c6 3. cxd5 cxd5 4. Nc3 Nc6 5. Nf3 Nf6 6. Bf4 a6 7. e3 Bg4 8.
Be2 Bxf3 9. Bxf3 e6 10. O-O Bd6 11. Bg5 Rc8 12. Rc1 O-O 13. Bg4 Be7 14. Na4
Qa5 15. Bxf6 gxf6 16. a3 Na7 17. Qb3 Rxc1 18. Rxc1 Rc8 19. Rxc8+ Nxc8 20.
g3 Nd6 21. Nc5 b6 22. Nd3 Nc4 23. Qc2 1/2-1/2

[Event "45th Capablanca Mem Open"]
[Site "Havana CUB"]
[Date "2010.06.17"]
[Round "7"]
[White "Guillen Ramirez,J"]
[Black "Zavarce,Oscar Enrique"]
[Result "0-1"]
[WhiteElo "2223"]
[BlackElo "2124"]
[EventDate "2010.06.10"]

1. f4 d5 2. Nf3 g6 3. e3 Bg7 4. d4 c5 5. c3 Nf6 6. Be2 O-O 7. O-O Nc6 8.
Nbd2 Ng4 9. Nb1 b6 10. h3 Nh6 11. Qe1 f6 12. Na3 Nf7 13. Bd2 e5 14. Qh4 Bf5
15. Rad1 Qe7 16. Rfe1 Rad8 17. Bb5 Qc7 18. Rc1 Be4 19. Nh2 Nd6 20. Be2 Qb7
21. Qf2 c4 22. b3 Qa6 23. Nc2 Qxa2 24. bxc4 Bxc2 25. cxd5 Ne7 26. Ra1 Qxd5
27. Rxa7 Ne4 28. Bf3 Nxf2 29. Bxd5+ Nxd5 30. Kxf2 Ra8 31. Rd7 Rfd8 32. Rb7
Rab8 33. Ra7 b5 34. Rea1 Be4 35. Nf1 exf4 36. exf4 Nb6 37. Re7 Bc6 38. Ne3
Nc4 39. Nxc4 bxc4 40. Raa7 Bf8 41. Rxh7 Rb2 42. Ke2 Re8+ 43. Kd1 Ba4+ 0-1

[Event "45th Capablanca Mem Open"]
[Site "Havana CUB"]
[Date "2010.06.17"]
[Round "7"]
[White "Rincon Gonzalez,Li"]
[Black "Hernandez Moya,Y"]
[Result "0-1"]
[WhiteElo "1847"]
[BlackElo "2181"]
[EventDate "2010.06.10"]

1. e4 e6 2. d3 d5 3. Nd2 c5 4. Ngf3 Nc6 5. g3 Bd6 6. Bg2 Nge7 7. O-O O-O 8.
Re1 f5 9. exd5 exd5 10. Nf1 f4 11. Ng5 h6 12. Ne6 Bxe6 13. Rxe6 Nd4 14.
Rxd6 Qxd6 15. Bxf4 Qe6 16. Be3 Qf6 17. c3 Ne6 18. Qe2 Rae8 19. Nd2 b6 20.
a4 Qe5 21. Nf3 Qh5 22. Qc2 Rxf3 23. Qe2 Ref8 24. h3 Qf7 25. Bxf3 Qxf3 26.
Qxf3 Rxf3 27. Re1 Kf7 0-1

[Event "45th Capablanca Mem Open"]
[Site "Havana CUB"]
[Date "2010.06.17"]
[Round "7"]
[White "Herrera Sosa,J"]
[Black "Romero Echeverria,A"]
[Result "0-1"]
[WhiteElo "1971"]
[BlackElo "2054"]
[EventDate "2010.06.10"]

1. e4 c5 2. Nf3 e6 3. d4 cxd4 4. Nxd4 a6 5. Bd3 g6 6. O-O Bg7 7. Be3 Ne7 8.
Nd2 d5 9. c3 O-O 10. N4b3 Nbc6 11. Qc2 f5 12. exf5 Nxf5 13. Bc5 Re8 14. f4
d4 15. Bxf5 exf5 16. cxd4 Nxd4 17. Nxd4 Bxd4+ 18. Bxd4 Qxd4+ 19. Rf2 Be6
20. Qc7 Bd5 21. Nb3 Bxb3 22. axb3 Rac8 23. Qxb7 Rc2 24. Qf3 Ree2 25. Raf1
Rxf2 26. Qxf2 Rxf2 27. Rxf2 Qd1+ 28. Rf1 Qxb3 0-1

[Event "45th Capablanca Mem Open"]
[Site "Havana CUB"]
[Date "2010.06.18"]
[Round "8"]
[White "Delgado Ramos,H"]
[Black "Guerra Mendez,J"]
[Result "1/2-1/2"]
[WhiteElo "2414"]
[BlackElo "2471"]
[EventDate "2010.06.10"]

1. Nf3 Nf6 2. c4 e6 3. Nc3 Bb4 4. Qc2 O-O 5. a3 Bxc3 6. Qxc3 b6 7. g3 Bb7
8. Bg2 c5 9. b4 d6 10. bxc5 dxc5 11. Bb2 Nbd7 12. O-O Re8 13. d3 e5 14. e4
Ng4 15. Bh3 h5 16. Rae1 f6 17. Nh4 Nf8 18. Nf5 Bc8 19. Bg2 g6 20. Ne3 Nxe3
21. Rxe3 Ne6 22. f4 Nd4 23. Ree1 Bd7 24. Rf2 Qe7 25. Ref1 Rf8 26. Qd2 Rae8
27. Qe3 Qg7 28. fxe5 fxe5 29. Qg5 Rxf2 30. Rxf2 Rf8 31. Rxf8+ Kxf8 32. Qd8+
Be8 33. h4 Qe7 34. Qc8 Qd7 35. Qxd7 Bxd7 36. Kf2 Ke7 37. Bf3 a6 38. Bd1 Bg4
39. Ke1 Bxd1 40. Kxd1 1/2-1/2

[Event "45th Capablanca Mem Open"]
[Site "Havana CUB"]
[Date "2010.06.18"]
[Round "8"]
[White "Jimenez Fraga,P"]
[Black "Rasmussen,Kar"]
[Result "1/2-1/2"]
[WhiteElo "2460"]
[BlackElo "2428"]
[EventDate "2010.06.10"]

1. e4 c6 2. c4 d5 3. exd5 cxd5 4. cxd5 Nf6 5. Nc3 Nxd5 6. d4 e6 7. Nf3 Bb4
8. Bd2 Nc6 9. Bd3 Be7 10. a3 Bf6 11. Bb5 Nxc3 12. bxc3 O-O 13. O-O Bd7 14.
Qe2 Na5 15. Rab1 Bxb5 16. Rxb5 Rc8 17. Rh5 Nc4 18. Bc1 g6 19. Rh3 Qd5 20.
Re1 Rfd8 21. Bf4 Qf5 22. Bh6 e5 23. dxe5 Re8 24. Rd1 Nxe5 25. Nd4 Qg4 26.
Qf1 Rcd8 27. Rb1 Qc8 28. Bf4 a6 29. Qc1 Nc6 30. Nf3 Qf5 31. Ng5 h5 32. Rf3
Ne5 33. Bxe5 Qxe5 34. h4 b5 35. g3 Bxg5 36. hxg5 Qd5 37. Rf4 Qxg5 38. c4
Rc8 39. Qf1 Rxc4 40. Rxc4 bxc4 41. Qxc4 Qf5 42. Rc1 a5 43. Kg2 Re4 44. Qd3
h4 45. Qd8+ Kg7 46. Rh1 g5 47. Qd3 hxg3 48. f3 Re5 49. Qxf5 Rxf5 50. Rc1
Kg6 51. Kxg3 Rf4 52. Rc3 f6 53. Rb3 Kf7 54. Re3 Rc4 55. Rb3 Rf4 56. Re3 Rd4
57. Kh3 Rd2 58. Kg3 Ra2 59. Rc3 Ke6 60. Re3+ Kd5 61. Kg4 a4 62. Kf5 Rb2 63.
Kxf6 Rb3 64. Re5+ Kd6 65. Rf5 Rxa3 66. Kxg5 Rc3 67. f4 a3 68. Rf6+ Kc5 69.
Ra6 Kb4 70. f5 Rc5 71. Kg6 Kb3 72. f6 Rc7 73. Ra8 a2 74. f7 Rxf7 75. Kxf7
Kb2 1/2-1/2

[Event "45th Capablanca Mem Open"]
[Site "Havana CUB"]
[Date "2010.06.18"]
[Round "8"]
[White "De la Paz Perdomo,F"]
[Black "Obregon Rivero,J"]
[Result "0-1"]
[WhiteElo "2477"]
[BlackElo "2410"]
[EventDate "2010.06.10"]

1. b3 Nf6 2. Bb2 g6 3. g3 Bg7 4. Bg2 O-O 5. c4 d6 6. d3 c5 7. e3 Nc6 8. Ne2
h5 9. O-O Rb8 10. Nbc3 a6 11. d4 cxd4 12. exd4 Bd7 13. d5 Ne5 14. h3 Nh7
15. Kh1 Bf5 16. Ne4 Qc8 17. Ng1 b5 18. f4 Nd7 19. Bxg7 Kxg7 20. Rc1 Qd8 21.
Nf2 bxc4 22. Qd4+ Nhf6 23. Rxc4 Kg8 24. Re1 Qa5 25. Rxe7 Qxa2 26. g4 hxg4
27. hxg4 Bxg4 28. Nxg4 Nxg4 29. Rxd7 Rxb3 30. Rc3 Rxc3 31. Qxc3 Qa4 32. Rc7
Qxf4 33. Nf3 Qf5 34. Qd2 Rb8 35. Rc1 Rb1 36. Rxb1 Qxb1+ 37. Ng1 Qb6 38. Qf4
0-1

[Event "45th Capablanca Mem Open"]
[Site "Havana CUB"]
[Date "2010.06.18"]
[Round "8"]
[White "Perez Garcia,Rodn"]
[Black "Escobar Forero,A"]
[Result "1/2-1/2"]
[WhiteElo "2424"]
[BlackElo "2474"]
[EventDate "2010.06.10"]

1. e4 c5 2. Nf3 Nc6 3. Bb5 Nf6 4. e5 Nd5 5. Nc3 Nc7 6. Bxc6 dxc6 7. h3 h6
8. d3 g5 9. Qe2 Bg7 10. Ne4 Ne6 11. Bd2 Qc7 12. Ng3 Nd4 13. Nxd4 cxd4 14.
f4 gxf4 1/2-1/2

[Event "45th Capablanca Mem Open"]
[Site "Havana CUB"]
[Date "2010.06.18"]
[Round "8"]
[White "Borges Mateos,J"]
[Black "Janssen,Ru"]
[Result "1-0"]
[WhiteElo "2468"]
[BlackElo "2524"]
[EventDate "2010.06.10"]

1. Nf3 Nf6 2. c4 c5 3. g3 d5 4. cxd5 Nxd5 5. Bg2 Nc6 6. Nc3 Nc7 7. a3 g6 8.
d3 Bg7 9. Be3 b6 10. h4 Bb7 11. h5 Nd4 12. Bxd4 Bxd4 13. Qd2 Qd6 14. Ne4
Bxe4 15. dxe4 O-O-O 16. Nxd4 cxd4 17. Rc1 e5 18. Qh6 Kb8 19. hxg6 fxg6 20.
O-O g5 21. Qxg5 Rdg8 22. Qh5 Ne6 23. Rfd1 Rg5 24. Qh4 h5 25. Bh3 Nf4 26.
Kf1 Qe7 27. Bf5 Rhg8 28. Rc6 Qb7 29. Rc8+ Rxc8 30. Qxg5 1-0

[Event "45th Capablanca Mem Open"]
[Site "Havana CUB"]
[Date "2010.06.18"]
[Round "8"]
[White "Fernandez Garcia,JoseL1"]
[Black "Martinez Duany,L"]
[Result "1/2-1/2"]
[WhiteElo "2430"]
[BlackElo "2515"]
[EventDate "2010.06.10"]

1. e4 c5 2. Nf3 Nc6 3. d4 cxd4 4. Nxd4 g6 5. c4 Bg7 6. Nc2 d6 7. Be2 b6 8.
O-O Bb7 9. Re1 Rc8 10. Bf1 Nf6 11. Nc3 O-O 12. Bd2 Nd7 13. Rc1 Nd4 14. Nxd4
1/2-1/2

[Event "45th Capablanca Mem Open"]
[Site "Havana CUB"]
[Date "2010.06.18"]
[Round "8"]
[White "Hevia Alejano,C"]
[Black "Morales Romero,P"]
[Result "0-1"]
[WhiteElo "2507"]
[BlackElo "2420"]
[EventDate "2010.06.10"]

1. d4 Nf6 2. Bg5 e6 3. e4 h6 4. Bxf6 Qxf6 5. Nc3 d6 6. Qd2 Nd7 7. O-O-O g5
8. Kb1 a6 9. g3 c5 10. e5 dxe5 11. d5 Nb6 12. d6 Bg7 13. Ne4 Qg6 14. Nxc5
O-O 15. Bg2 e4 16. Bxe4 Qf6 17. Qb4 Nd7 18. c3 Qxf2 19. Nd3 Qe3 20. Re1 Qa7
21. h4 g4 22. Nf4 Nf6 23. Bc2 a5 24. Qb5 Bd7 25. Qd3 Rfd8 26. Rh2 b5 27.
Nge2 b4 28. cxb4 axb4 29. Nc1 Qa5 30. Bb3 Bb5 31. Qd1 Qa6 32. Rd2 Bc4 33.
Bxc4 Qxc4 34. Qb3 Ne4 35. Rd3 Qxb3 36. Nxb3 Nxd6 37. Red1 Nb7 38. Rd7 Be5
39. Ne2 Rxd7 40. Rxd7 Nd6 41. Nd2 h5 42. Nf1 Kf8 43. Rc7 Ke8 44. Rc5 f6 45.
Nf4 Bxf4 46. Rxh5 Nf7 47. gxf4 f5 48. Ng3 Rd8 49. Rh7 Kf8 50. Nh5 Rd2 51.
Rg7 Rh2 52. Rg6 Rxh4 53. Nf6 Ke7 54. Ng8+ Kd6 55. Kc2 Rh3 56. Rg7 Nd8 57.
Nf6 Nc6 58. Rd7+ Kc5 59. Rc7 g3 60. Rg7 Nd4+ 61. Kd2 Kc4 62. Rc7+ Kb5 63.
Rg7 Nf3+ 64. Ke2 Nh4 65. Nd7 Rh2+ 66. Kd3 g2 67. a4+ bxa3 0-1

[Event "45th Capablanca Mem Open"]
[Site "Havana CUB"]
[Date "2010.06.18"]
[Round "8"]
[White "Ris,R"]
[Black "Alvarez Pedraza,A"]
[Result "0-1"]
[WhiteElo "2426"]
[BlackElo "2500"]
[EventDate "2010.06.10"]

1. d4 Nf6 2. c4 e6 3. Nf3 Bb4+ 4. Bd2 c5 5. dxc5 Bxc5 6. e3 b6 7. Bc3 Bb7
8. Nbd2 Be7 9. a3 d6 10. Be2 Nbd7 11. b4 Qc7 12. O-O O-O 13. Rc1 Rac8 14.
Bb2 Qb8 15. Qb3 Qa8 16. Rfd1 g6 17. Ne1 e5 18. Nb1 h6 19. Nc3 a6 20. Bf3 e4
21. Be2 Rfe8 22. Na4 Qb8 23. Bd4 Bd8 24. Qb2 Re6 25. Nc3 Ne5 26. Na4 Nfd7
27. Qb3 h5 28. h3 Kh7 29. Bb2 Kh6 30. Nc3 Nf6 31. Nd5 Nxd5 32. cxd5 Re8 33.
Rd4 Rxc1 34. Bxc1 Qc8 35. Bb2 Qf5 36. Qc2 Nd7 37. Rd2 Nf6 38. Qd1 Qg5 39.
Nc2 b5 40. Nd4 Nxd5 41. Nb3 Nxe3 42. fxe3 Qxe3+ 43. Kh1 Qg3 44. Na5 e3 45.
Nxb7 exd2 46. Nxd8 Rxe2 47. Nxf7+ Kh7 48. Ng5+ Kg8 0-1

[Event "45th Capablanca Mem Open"]
[Site "Havana CUB"]
[Date "2010.06.18"]
[Round "8"]
[White "Gomez Fontal,F"]
[Black "Gomez Garrido,C"]
[Result "0-1"]
[WhiteElo "2376"]
[BlackElo "2498"]
[EventDate "2010.06.10"]

1. d4 d5 2. Nf3 c6 3. c4 Nf6 4. e3 a6 5. Bd3 Bg4 6. Nbd2 e6 7. Qb3 Qc7 8.
Ne5 Bh5 9. O-O Nbd7 10. Nxd7 Qxd7 11. e4 dxe4 12. Nxe4 Rd8 13. Be3 Be7 14.
Ng3 Bg6 15. Bxg6 hxg6 16. Rad1 O-O 17. Bf4 Qc8 18. Rfe1 Rd7 19. Rd3 Rfd8
20. Red1 c5 21. dxc5 Bxc5 22. h3 Qc6 23. Kf1 Bd4 24. Ne2 Bxb2 25. Rxd7 Rxd7
26. Rxd7 Qxd7 27. Ke1 Bd4 28. Nxd4 Qxd4 29. Be3 Qe4 30. f3 Qc6 31. a4 Nd7
32. Ke2 Ne5 33. c5 Nd7 34. Qd1 f6 35. Qd4 Kf7 36. h4 Qd5 37. Qxd5 exd5 38.
Kd3 Ne5+ 39. Kd4 Ke6 40. Bf4 Nc6+ 41. Kd3 Kd7 42. Kc3 Nd8 43. Kb4 Ne6 44.
Be3 Kc6 45. g4 d4 46. Bf2 Kd5 0-1

[Event "45th Capablanca Mem Open"]
[Site "Havana CUB"]
[Date "2010.06.18"]
[Round "8"]
[White "Gongora Reyes,M"]
[Black "Garcia Pantoja,R"]
[Result "0-1"]
[WhiteElo "2471"]
[BlackElo "2378"]
[EventDate "2010.06.10"]

1. d4 d6 2. c4 Nf6 3. Nf3 g6 4. Nc3 Bg7 5. e4 O-O 6. h3 a6 7. Bd3 c6 8. O-O
Nfd7 9. d5 Nc5 10. Bc2 b5 11. cxb5 axb5 12. Re1 b4 13. Ne2 Bb7 14. Nf4 Nbd7
15. h4 Nf6 16. h5 b3 17. Bxb3 Nfxe4 18. hxg6 hxg6 19. Nxg6 Re8 20. Nf4 cxd5
21. Bxd5 Bxd5 22. Qxd5 e6 23. Qd1 Qf6 24. Nh5 Qf5 25. Nxg7 Kxg7 26. b4 Nd7
27. Bb2+ e5 28. Rxe4 Qxe4 29. Qxd6 Rad8 30. Qd2 f6 31. Re1 Qg6 32. Qe3 Rh8
33. g3 Qh5 34. Nh4 Qg4 35. Kf1 Qxb4 36. Ba3 Qc4+ 37. Kg2 Kf7 38. Nf5 Qd5+
39. f3 Nf8 40. Re2 Ne6 41. Bb4 Qd1 42. Be1 Rh5 43. Nh4 Rxh4 44. gxh4 Nf4+
45. Kf1 Qxe2+ 46. Qxe2 Nxe2 47. Kxe2 Ra8 48. f4 Kg6 49. fxe5 fxe5 50. h5+
Kxh5 51. Bc3 Kg4 52. a3 Kf4 53. Bb4 Ke4 54. Kd2 Kf3 55. Kc3 e4 56. Kb3 Rb8
0-1

[Event "45th Capablanca Mem Open"]
[Site "Havana CUB"]
[Date "2010.06.18"]
[Round "8"]
[White "Macias Murillo,B"]
[Black "Gonzalez Vidal,Y"]
[Result "1/2-1/2"]
[WhiteElo "2347"]
[BlackElo "2543"]
[EventDate "2010.06.10"]

1. d4 Nf6 2. c4 e6 3. Nf3 c5 4. d5 exd5 5. cxd5 d6 6. Nc3 g6 7. e4 Bg7 8.
Bd3 a6 9. a4 Bg4 10. h3 Bxf3 11. Qxf3 O-O 12. O-O Nbd7 13. Qd1 Re8 14. Re1
Rc8 15. Bg5 h6 16. Bh4 c4 17. Bc2 Qb6 18. Rb1 Nc5 19. Kh1 Nh5 20. Qf3 Be5
21. Ne2 Nb3 22. Red1 Kg7 23. g4 Nf6 24. Qg2 Nd7 25. f4 Bf6 26. Bxf6+ Nxf6
27. Qf3 Kg8 28. Nc3 Nd7 29. Qg3 Kg7 30. h4 Qd8 31. Kg2 Nbc5 32. g5 Rb8 33.
Qe3 b5 34. axb5 axb5 35. Ne2 Qb6 36. Nd4 b4 37. Rbc1 c3 38. b3 h5 39. Kf3
Nxe4 40. Ne6+ Rxe6 41. dxe6 Nd2+ 42. Rxd2 Qxe3+ 43. Kxe3 cxd2 44. Kxd2 fxe6
45. Ra1 Nc5 46. Ke3 Rb7 47. Ra8 Rc7 48. Bd1 Nxb3 49. Bxb3 Rc3+ 50. Ke4 Rxb3
51. Ra7+ Kf8 52. Rd7 Rb1 53. Rxd6 Re1+ 54. Kf3 b3 55. Rb6 Rb1 56. Ke2 Ke7
57. Kd2 b2 58. Kc2 Rf1 59. Rxb2 Rxf4 60. Rb7+ Kd6 61. Rg7 Rxh4 62. Rxg6 Rg4
63. Kd3 Kd5 64. Ke3 e5 65. Rg8 Ke6 66. Rh8 Rxg5 67. Kf3 Kf5 68. Rf8+ Kg6
69. Rg8+ Kf6 70. Rf8+ Kg7 71. Ra8 Rg4 72. Ra6 Rg6 73. Ra7+ Kf6 74. Rh7 Kg5
75. Ke4 Kg4 76. Kxe5 h4 77. Ra7 h3 78. Ra4+ Kg3 79. Ra3+ Kg2 80. Ra2+ Kg1
81. Ra1+ Kg2 82. Ra2+ Kh1 83. Kf4 Rg2 84. Ra1+ Rg1 85. Ra2 h2 86. Kf3 Rb1
87. Kg3 1/2-1/2

[Event "45th Capablanca Mem Open"]
[Site "Havana CUB"]
[Date "2010.06.18"]
[Round "8"]
[White "Alonso Moyano,J"]
[Black "Arencibia Rodriguez,W"]
[Result "1/2-1/2"]
[WhiteElo "2399"]
[BlackElo "2500"]
[EventDate "2010.06.10"]

1. e4 c5 2. Nc3 e6 3. g3 Nc6 4. Bg2 g6 5. d3 Bg7 6. Be3 Nd4 7. Nce2 Ne7 8.
c3 Nxe2 9. Nxe2 d6 10. Qd2 h5 11. h3 b6 12. O-O Bb7 13. d4 Qc7 14. b4 O-O
15. Bh6 Bxh6 16. Qxh6 cxd4 17. cxd4 Qc4 18. Rfe1 Qxb4 19. g4 Ba6 20. Rad1
Bxe2 21. Rxe2 hxg4 22. hxg4 Rac8 23. f4 f6 24. f5 Rf7 25. fxe6 Rh7 26. Qf4
Qc4 27. Rf2 Qxe6 28. Qxf6 Qxg4 29. Rdf1 Rd8 30. Rf4 Qc8 31. Rh4 Rxh4 32.
Qxh4 Qc4 33. Qxe7 Qxd4+ 34. Rf2 Qd1+ 35. Kh2 Qh5+ 36. Bh3 Qe5+ 37. Qxe5
dxe5 38. Be6+ Kg7 39. Rf7+ Kh6 40. Bd5 Kg5 41. Rxa7 Rc8 42. Ra3 Kf4 43. Rg3
g5 44. Rg2 Rh8+ 45. Kg1 g4 46. Rf2+ Kg3 47. Rc2 Rh6 48. Rc3+ Kf4 49. Kg2 b5
50. Rc1 g3 51. Rf1+ Kg4 52. Rh1 Rxh1 53. Kxh1 Kf3 54. Kg1 b4 55. Kf1 g2+
56. Kg1 Kg3 57. Bc6 Kf3 58. Bb7 Kg3 59. Ba8 Kf3 60. Bd5 Kg3 61. Be6 Kf3 62.
Bf5 Kg3 63. Bg6 Kf3 64. Bh7 Kg3 65. Bg6 Kf3 66. Bf7 Kg3 67. Bh5 Kf4 68.
Kxg2 Kxe4 69. Kf2 Kd3 70. Ke1 e4 71. Kd1 Kc3 72. Bf7 Kd3 73. Kc1 Kc3 74.
Bb3 e3 75. Kd1 Kd3 76. Bf7 Kc3 77. Ke2 Kd4 78. Bg8 Ke4 79. Bb3 Kd4 80. Ba4
Ke4 81. Bc6+ Kd4 82. Bd7 Ke4 83. Be8 Kd4 84. Ba4 Ke4 85. Be8 Kd4 86. Kf3
Kd3 87. Ba4 Kd2 88. Bb5 Kc3 1/2-1/2

[Event "45th Capablanca Mem Open"]
[Site "Havana CUB"]
[Date "2010.06.18"]
[Round "8"]
[White "Bacallao Alonso,Y"]
[Black "Juarez Flores,C"]
[Result "1/2-1/2"]
[WhiteElo "2500"]
[BlackElo "2374"]
[EventDate "2010.06.10"]

1. Nf3 d5 2. d4 Nf6 3. Bg5 e6 4. e3 Be7 5. c4 O-O 6. Nc3 a6 7. cxd5 exd5 8.
Bd3 Nbd7 9. O-O Re8 10. Ne5 Nxe5 11. dxe5 Nd7 12. Bf4 Bf8 13. Nxd5 Nxe5 14.
Bxe5 Rxe5 15. Nb6 Bf5 16. Bxf5 cxb6 17. Bc2 Qf6 18. Qe2 Rd8 19. Bb3 Re7 20.
Rad1 Red7 21. Rxd7 Rxd7 22. g3 g6 23. Rc1 h5 24. h4 Kg7 25. Rd1 Bd6 26. Rd4
Rc7 27. Rd2 Bc5 28. Kg2 b5 29. Rd5 Ba7 30. Rg5 Kf8 31. Rd5 Kg7 32. Qd2 Bc5
33. Rd8 Bb4 34. Qd4 Be7 35. Qxf6+ Bxf6 36. Rd2 a5 37. Rd5 a4 38. Bd1 Rc1
39. Be2 b4 40. Bb5 b3 41. axb3 axb3 42. Rd7 Bxb2 43. Ba4 Be5 44. Bxb3 Rc7
45. Rd5 Bb2 46. Rb5 Ba3 47. Bd5 Rc5 48. Rxc5 Bxc5 49. Bxb7 f5 1/2-1/2

[Event "45th Capablanca Mem Open"]
[Site "Havana CUB"]
[Date "2010.06.18"]
[Round "8"]
[White "Castillo Coca,M"]
[Black "Fernando,D"]
[Result "1/2-1/2"]
[WhiteElo "2106"]
[BlackElo "2494"]
[EventDate "2010.06.10"]

1. d4 Nf6 2. Nf3 e6 3. Bf4 b6 4. e3 Bb7 5. Nbd2 c5 6. c3 Nc6 7. Bd3 d5 8.
O-O Bd6 9. Re1 cxd4 10. Bxd6 dxc3 11. Ba3 cxd2 12. Qxd2 Ne4 13. Qc2 Nd6 14.
Rad1 Rc8 15. Qb1 f5 16. Nd4 Qd7 17. Nb5 Nxb5 18. Bxb5 a6 19. Bd3 Ne5 20. e4
Nxd3 21. Qxd3 fxe4 22. Rxe4 Rc6 23. h3 Kd8 24. Rf4 Kc8 25. Qf3 Rc7 26. Qe3
Rc6 27. Qf3 Rc7 28. Qe3 Qc6 29. b3 d4 30. Qg3 e5 31. Rf5 Re8 32. Rc1 Qg6
33. Rxc7+ Kxc7 34. Qxg6 hxg6 35. Rf7+ Kc6 36. Rxg7 Re6 37. f3 a5 38. Kf2
Ba6 39. Re7 Rxe7 40. Bxe7 Bd3 41. Bf6 Bb1 42. a3 Kd5 43. Bd8 Kc5 44. Bf6
Bc2 45. Be7+ Kd5 46. Bd8 Kc6 47. b4 a4 48. Ke2 b5 49. Kd2 Bb3 50. Bf6 Kd5
51. h4 Ke6 52. Bg7 Bd5 53. Ke2 Kf5 54. Kf2 Bc4 55. g4+ Ke6 56. h5 gxh5 57.
gxh5 Kd5 58. Ke1 Bd3 59. Kd2 e4 60. fxe4+ Bxe4 61. Kc1 Kc4 62. Kb2 Kd3 63.
Bf6 Ke3 64. Bg5+ Ke2 65. h6 Bh7 66. Kc1 Kd3 67. Kb2 Bf5 68. Bf4 1/2-1/2